LEADER 01563nam 2200397 450 001 000016407 005 20050718115600.0 010 $a0-471-83091-7 100 $a20030910d1988----km-y0itay0103----ba 101 0 $aeng 102 $aUS 200 1 $aMethods of complex analysis in partial differential equations with applications$fManfred Kracht, Erwin Kreyszig 210 $aNew York$cWiley$dc1988 215 $aXIV, 394 p.$cill.$d24 cm. 225 2 $aCanadian Mathematical Society series of monographs and advanced texts 410 0$12001$aCanadian Mathematical Society series of monographs and advanced texts 606 $aFunzioni di variabile complessa 606 $aEquazioni alle derivate parziali 676 $a515.353$v(21. ed.)$9Equazioni differenziali parziali 691 $a35-XX$9Partial differential equations 700 1$aKracht,$bManfred$0103938 701 1$aKreyszig,$bErwin$01138 801 0$aIT$bUniversità della Basilicata - B.I.A.$gRICA$2unimarc 912 $a000016407 996 $aMethods of complex analysis in partial differential equations with applications$982350 997 $aUNIBAS BAS $aMONSCI BAS $aSCIENZE CAT $aEXT002$b01$c20030910$lBAS01$h1502 CAT $c20050601$lBAS01$h1755 CAT $abatch$b01$c20050718$lBAS01$h1053 CAT $c20050718$lBAS01$h1112 CAT $c20050718$lBAS01$h1142 CAT $c20050718$lBAS01$h1156 FMT Z30 -1$lBAS01$LBAS01$mBOOK$1BASA2$APolo Tecnico-Scientifico$2GEN$BCollezione generale$3MAT$665970$5S65970$820030910$f51$FRiservati